Aussi loin que tes rêves - L'Atlantide (Paroles) - Statistiques

Statistiques générales
  • Ce quiz a été pris 21 fois
  • Le résultat moyen est 100 sur 180
Statistiques - réponses
Réponse % Correct
loin
88%
que
88%
Te
88%
te
88%
à
81%
Aussi
81%
rêves
81%
tes
81%
On
75%
on
75%
Le
69%
le
69%
tu
69%
Tu
69%
ne
63%
y
63%
Êt
56%
Et
56%
fais
56%
Il
56%
56%
56%
56%
pas
56%
ton
56%
Un
56%
es
50%
Mais
50%
plus
50%
Qui
50%
qui
50%
si
50%
Si
50%
ta
50%
C'est
44%
crois
44%
en
44%
jamais
44%
toi
44%
vas
44%
vois
44%
voyage
44%
cet
38%
cœur
38%
comprendra
38%
iras
38%
monde
38%
t'en
38%
empêchera
31%
encore
31%
endroit
31%
fera
31%
Laisse
31%
l'on
31%
mène
31%
peur
31%
quelque
31%
Suis
31%
trouveras
31%
verras
31%
brûler
25%
chemin
25%
chose
25%
croire
25%
d'y
25%
flamme
25%
fort
25%
l'envie
25%
nouveau
25%
Quelqu'un
25%
rend
25%
reniera
25%
renonce
25%
s'ouvre
25%
trace
25%
Y'a
25%
découragera
19%
t'attend
19%
comblera
13%
Aucun quiz correspondant
Distribution des résultats
% des personnes avec chaque résultat
Percentile par nombre de réponses
Votre historique - résultats
Vous n’avez pas pris ce quiz